Bazat psikologjike të të nxënit : (Record no. 92)
[ view plain ]
| 000 -LEADER | |
|---|---|
| fixed length control field | 00587nam a22001937a 4500 |
| 008 - FIXED-LENGTH DATA ELEMENTS--GENERAL INFORMATION | |
| fixed length control field | 131010b xxu||||| |||| 00| 0 alb d |
| 020 ## - INTERNATIONAL STANDARD BOOK NUMBER | |
| International Standard Book Number | 9951868401 |
| 041 0# - LANGUAGE CODE | |
| Language code of text/sound track or separate title | alb |
| 080 ## - UNIVERSAL DECIMAL CLASSIFICATION NUMBER | |
| Universal Decimal Classification number | 159.922 |
| 100 1# - Rafti | |
| Rafti | Zeneli, Isuf |
| 245 10 - TITLE STATEMENT | |
| Title | Bazat psikologjike të të nxënit : |
| Statement of responsibility, etc | Isuf Zeneli. |
| 260 ## - | |
| -- | Prishtinë : |
| -- | ''Dukagjini'' |
| -- | 2006 |
| 300 ## - | |
| -- | 193 f. : |
| -- | me il. ; |
| -- | 24 cm. |
| 500 ## - | |
| -- | Parathënie : f. 3-5 |
| 500 ## - | |
| -- | Fjalorth : f. 179-189 |
| 505 ## - | |
| -- | Literatura e shfrytëzuar : f. 190-192 |
| 650 ## - | |
| -- | Psikologjia |
| 942 ## - ADDED ENTRY ELEMENTS (KOHA) | |
| Source of classification or shelving scheme | |
| Item type | Books |
| Withdrawn status | Lost status | Source of classification or shelving scheme | Damaged status | Not for loan | Collection code | Permanent location | Current location | Shelving location | Date acquired | Total Checkouts | Full call number | Barcode | Date last seen | Price effective from | Koha item type |
|---|---|---|---|---|---|---|---|---|---|---|---|---|---|---|---|
| Koleksioni i përgjithshem | UBT - Prishtine | UBT - Prishtine | Koleksioni i përgjithshem | 10/10/2013 | 159.922 ZEN | 001-000086 | 10/10/2013 | 10/10/2013 | Books | ||||||
| Koleksioni i përgjithshem | UBT - Prishtine | UBT - Prishtine | Koleksioni i përgjithshem | 10/10/2013 | 159.922 ZEN | 001-000087 | 10/10/2013 | 10/10/2013 | Books | ||||||
| Koleksioni i përgjithshem | UBT - Prishtine | UBT - Prishtine | Koleksioni i përgjithshem | 10/10/2013 | 159.922 ZEN | 001-000088 | 10/10/2013 | 10/10/2013 | Books | ||||||
| Koleksioni i përgjithshem | UBT - Prishtine | UBT - Prishtine | Koleksioni i përgjithshem | 10/10/2013 | 159.922 ZEN | 001-000089 | 10/10/2013 | 10/10/2013 | Books | ||||||
| Koleksioni i përgjithshem | UBT - Prishtine | UBT - Prishtine | Koleksioni i përgjithshem | 10/10/2013 | 159.922 ZEN | 001-000090 | 10/10/2013 | 10/10/2013 | Books |